| 000 | 00963nam a22002177a 4500 | ||
|---|---|---|---|
| 003 | OSt | ||
| 005 | 20171013151256.0 | ||
| 008 | 150408b2016 slv spa | ||
| 040 | _cBMC | ||
| 082 | _a670.42 | ||
| 100 | 1 |
_939377 _aGarcía Avalos, Jorge Alberto |
|
| 245 | 1 | 0 |
_aProyecto de eficiencia energética y reducción de huella de carbono _b: informe final _cJorge Alberto García Ávalos ; asesor, José Ernesto Ruíz Agreda |
| 260 |
_aSanta Ana (El Salvador) _bUniversidad Católica de El Salvador _c2016 |
||
| 300 |
_a54 h. _bil. _c28 cm _e+ 1 disco compacto |
||
| 500 | _aPrecede al tít.: Universidad Católica de El Salvador, Facultad de Ingeniería y Arquitectura | ||
| 502 | _aPara optar al título de: Ingeniero Industrial | ||
| 650 | 2 | 4 |
_919919 _aIngeniería industrial |
| 700 | 1 |
_939379 _aRuíz Agreda, Jorge Alberto |
|
| 710 | 2 |
_91166 _aUniversidad Católica de El Salvador _bFacultad de Ingeniería y Arquitectura |
|
| 942 |
_2ddc _cTG _hprozim |
||
| 999 |
_c25420 _d25420 |
||